All Forrest Frank Songs - Statistics

General Stats
  • This quiz has been taken 92 times
  • The average score is 36 of 135
Answer Stats
Song Title % Correct
YOUR WAY'S BETTER
85%
YOUR WAY'S BETTER - SHORTER
85%
UP! (feat. Connor Price)
83%
GOOD DAY
80%
GOOD DAY - Instrumental
80%
GOOD DAY - Slowed
80%
GOOD DAY - Sped Up
80%
GOOD DAY - Vocal Only
80%
LEMONADE (feat. The Figs)
80%
GOD IS GOOD (feat. Caleb Gordon)
78%
NO LONGER BOUND (feat. Hulvey)
70%
No Longer Bound (I'm Free) - Sped Up (with Maverick City Music, Chandler Moore)
70%
No Longer Bound (I'm Free) (with Maverick City Music, Chandler Moore)
70%
No Longer Bound - Instrumental
70%
No Longer Bound - Slowed
70%
No Longer Bound - Sped Up
70%
NEVER GET USED TO THIS (with JVKE)
62%
ALWAYS
53%
AMEN
52%
GOD'S GOT MY BACK
52%
LIFT MY HANDS
52%
NO L's
52%
Altar (with Hulvey)
50%
B.I.G.
48%
CELEBRATION
48%
HALLELUJAH
47%
Hey DJ
47%
SUNRISE
45%
SELAH
40%
NOTHING ELSE (with Thomas Rhett)
38%
PRAISES (remix) (with ELEVATION RHYTM)
37%
CHILD OF GOD (with Jonathan Pokluda)
35%
LOW KEY
35%
Amazing Grace
33%
DROP!
33%
Jesus Paid It All
33%
Jesus Paid It All (Stripped)
33%
Jesus Paid It All (Worthy of the Price)
33%
MIRACLE WORKER (with Tori Kelly)
33%
Go Tell It
32%
Heaven On My Mind (with TobyMac)
32%
ENCORE
30%
Fly Away (with Hulvey)
30%
HAPPY
30%
IN THE ROOM
30%
In The Room (Interlude)
30%
Nothing But The Blood (feat. Lecrae)
30%
FATHER'S HOUSE
28%
HOME
28%
PARADISE
28%
HEAVEN ON THIS EARTH (feat. Torey D'Shaun)
27%
HEY GRANDAD
27%
LIFE IS GOOD
27%
ALL I NEED (with Hulvey)
25%
MORE THAN A FEELING
25%
UPS & DOWNS
25%
LIKE WATER (feat. Limoblaze)
23%
OUTSIDE
23%
POV
23%
slow down
23%
THE PRESENT
23%
WOKE UP THIS MORNING (feat. Nathan Davis Jr.)
23%
BEAUTIFUL AS YOU
22%
Butterflies
22%
DANCING IN THE PRESENCE
22%
RICH MAN
22%
SAFE AND SOUND (with CAIN)
22%
TESTIMONY
22%
Thank You
22%
SUNSHINE
20%
WHAT LIVING IS ALL ABOUT
20%
Come Thou Font
18%
WELL DONE (feat. Sam Rivera)
18%
BEAUTIFUL AS EVER (feat. Powfu, nextseasons)
17%
CRAZY (feat. Nic D)
17%
Never Left (Outro)
17%
Sunday
17%
Christmas Morning
15%
It Is Well
15%
LIVE YOUR LIFE
15%
NEVER LEFT MY SIDE
15%
Skin
15%
ALIVE
13%
Jingle Bells
13%
Summer Love (feat. Nic D)
13%
Why Not Me
13%
Away In A Manger
12%
DIGGIN U
12%
is it really over?
12%
Long Distance
12%
Only Be You (feat. anees)
12%
Pray for Me (feat. Powfu)
12%
YOUR pace
12%
Your Soul
12%
ALL THE TIME (feat. nobigdyl)
10%
Baby Blue
10%
Change of Plans
10%
Fall From Grace
10%
just friends
10%
Tell Me
10%
Welcome...
10%
1234
8%
Deck The Halls
8%
GOD TAKES BREAKS
8%
Jesus Loves Me
8%
Peace (Interlude)
8%
Psalm 96 (Intro)
8%
back in
7%
Lately
7%
Thrifty
7%
We Wish You A Merry Christmas
7%
what's the use?
7%
Joy To The World
5%
RIDE
5%
Saturday Blues
5%
Silent Night
5%
Up On A Housetop
5%
Be Honest
3%
Don't Stop - Demo
3%
Good Morning - Demo
3%
Grandpops Uke
3%
i did literally nothing today
3%
Just Chill
3%
LYWMT
3%
My Room
3%
Oh Christmas Tree
3%
One That Got Away
3%
Outro
3%
Rainbows
3%
So Good
3%
So Good - Original Demo
3%
Tempo - Demo
3%
Woah Woahhh - Demo
3%
always been you
2%
till christmas day
2%
No matching quizzes found
Score Distribution
Percent of People with Each Score
Percentile by Number Answered
Your Score History
You have not taken this quiz